| 000 | 00767nmc a2200289 a 4500 | ||
|---|---|---|---|
| 003 | AR-X00000XY | ||
| 005 | 20251128211906.0 | ||
| 008 | 297020s2006 ||||||||||||||000 | spa|| | ||
| 020 | _a950-563-252-5 | ||
| 040 | _cAR-X00000XY | ||
| 100 | 1 |
_aLópez, José Manuel _d1967- |
|
| 245 | 1 | 0 | _aLa cofradía de los inventores |
| 250 | _a1ª ed. | ||
| 260 |
_aBuenos Aires _bColihue _c2006 |
||
| 300 | 0 |
_a123 p. _bil. |
|
| 490 | 0 | _aLa movida | |
| 650 | 4 | _aLITERATURA INFANTIL | |
| 650 | 4 | _aCUENTOS DE AVENTURAS | |
| 653 | 0 | _aCUENTOS DE MISTERIO | |
| 653 | 0 | _aCUENTOS DE INVENTOS | |
| 653 | 0 | _aCUENTO FANTASTICO | |
| 655 | _aLITERATURA | ||
| 700 | 1 |
_aMallea, Cristian _eilustrador |
|
| 800 | 1 |
_aDe Santis, Pablo _edirector |
|
| 942 | _cBK | ||
| 998 | _cNancy | ||
| 999 |
_c21501 _d21501 |
||